| 000 | 00844nab a2200265 u 4500 | ||
|---|---|---|---|
| 001 | 21649 | ||
| 003 | HDC | ||
| 007 | cr bn ---aaaaa | ||
| 008 | 210309c20091124xx dr|noo 0 a eng d | ||
| 040 | _aHDC | ||
| 100 |
_aAburawa, Arwa _eauthor _919085 |
||
| 245 | 0 |
_aWhen Halal Isn't Enough / by _cArwa Aburawa |
|
| 260 |
_a[No place] : _b[publisher not identified], _c2009 |
||
| 300 | _a1 online resource | ||
| 336 |
_atext _2rdacontent |
||
| 337 |
_acomputer _2rdamedia |
||
| 338 |
_aonline resource _2rdacarrier |
||
| 650 |
_ahalal food _950 |
||
| 650 |
_aHalal issue _95245 |
||
| 710 | _aHalal Focus | ||
| 856 | _zRequest full-text at [email protected] | ||
| 942 | _2lcc | ||
| 942 | _cNEWS | ||
| 942 | _kNWSO 006593 | ||
| 999 |
_c18965 _d18965 |
||